000 00791pam a2200253 a 4500
001 36476
003 BD-RjUL
005 20211209052507.0
008 140624s1982 njua b 001 0 eng
020 _a0130283088
035 _a(BD-RjUL)36576
040 _aDLC
_cDLC
_dBD-RjUL
_beng
041 _aeng
082 0 0 _a320.973
_bEDA 1982
100 1 _aEdwards, David V.
_9111050
245 1 4 _aThe American political experience :
_ban introduction to government /
_cDavid V. Edwards.
250 _a2nd ed.
260 _aEnglewood Cliffs, N.J. :
_bPrentice-Hall,
_cc1982.
300 _axxvi, 672 p. :
_bill. ;
_c26 cm.
504 _aIncludes bibliographical references and index.
651 0 _aUnited States
_xPolitics and government.
_9111051
942 _2ddc
_cBK
999 _c36476
_d36476